[Event "Kastav ZNG111 op 15th"]
[Site "Kastav"]
[Date "2012.09.08"]
[Round "2.5"]
[White "Jerkovic, Maroje"]
[Black "Cakardic, Djuro"]
[Result "1-0"]
[WhiteElo "1902"]
[BlackElo "1690"]
[PlyCount "59"]
[EventDate "2012.09.07"]
[EventType "swiss"]
[EventRounds "7"]
[EventCountry "CRO"]
[SourceTitle "EXT 2023"]
[Source "ChessBase"]
[SourceDate "2022.10.05"]
[SourceVersion "1"]
[SourceVersionDate "2022.10.05"]
[SourceQuality "1"]

1. e4 d5 2. Nc3 d4 3. Nce2 c5 4. Ng3 e5 5. Bc4 g6 6. d3 Nc6 7. a4 Be6 8. Bxe6 fxe6 9. N1e2 Bd6 10. 0-0 h5 11. f4 exf4 12. Nxf4 Bxf4 13. Bxf4 g5 14. Bd2 Ne5 15. Qc1 Nf7 16. e5 Qe7 17. Ne4 0-0-0 18. Rxf7 Qxf7 19. Bxg5 Rd7 20. Nd6+ Rxd6 21. exd6 Kd7 22. Qf1 Rh7 23. Qe2 Qg6 24. Qe5 Rg7 25. h4 b6 26. a5 Nh6 27. axb6 Nf7 28. Rxa7+ Kc6 29. Rc7+ Kxb6 30. Qxc5+ 1-0